000 00470nam a22001577a 4500
005 20251108164358.0
008 250721s1997 xx 000 0 ara d
082 1 4 _a811.03/مجد
100 1 _aعبد العزيز، مجدي
245 1 0 _aأحلى عشرين قصيدة في رثاء الشعر العربي /
264 1 _aالقاهرة :
_bدار الأمين،
_c1997.
300 _a127 ص
650 1 7 _aشعر الرثاء
942 _2ddc
_cBK
999 _c10707
_d10707